00469 2200181 4500245005900000020001800059250001100077100002100088700002000109700002100129650001700150005001900167260003100186041001400217084001300231300003400244336000900278 aSeiho Boys' High School Vol. 6cIzumi, KaneyoshihText a9786022664215 aCet. 1 aIzumi, Kaneyoshi aIne Martiana K. aFrisian Yuniardi aKomik Jepang a20230907133716 aJakartabPT Gramediac2014 aIndonesia a741.5592 a... jil. :bilus. ;c17,5 cm. atext